[Event "CAN-ch U12"]
[Site "Windsor"]
[Date "2015.07.09"]
[Round "6.75"]
[White "Krishnamohan, Jathushan"]
[Black "Cyrenne, Cole"]
[Result "1-0"]
[WhiteElo "830"]
[BlackElo "515"]
[PlyCount "77"]
[EventDate "2015.07.06"]
[EventType "swiss"]
[EventRounds "7"]
[EventCountry "CAN"]
[SourceTitle "EXT 2022"]
[Source "ChessBase"]
[SourceDate "2021.10.06"]
[SourceVersion "1"]
[SourceVersionDate "2021.10.06"]
[SourceQuality "1"]

1. e4 e5 2. Nf3 Nc6 3. d4 exd4 4. Nxd4 Nxd4 5. Qxd4 Nf6 6. Nc3 b6 7. Bg5 Be7 8. 0-0-0 0-0 9. e5 Nh5 10. Bxe7 Qxe7 11. g4 Bb7 12. Rg1 c5 13. Qe3 Ng3 14. Qxg3 Rfe8 15. Nd5 Qg5+ 16. f4 Qh6 17. Nc7 Red8 18. Nxa8 Bxa8 19. Rd6 g6 20. g5 Qh5 21. Qg4 Qxh2 22. Rd2 Qh5 23. Qxh5 gxh5 24. Rh2 Bf3 25. Be2 Bxe2 26. Rxe2 d5 27. f5 d4 28. f6 Rf8 29. Rh1 a5 30. Reh2 Rc8 31. Rxh5 Kf8 32. Rxh7 Ke8 33. Rh8+ Kd7 34. Rxc8 Kxc8 35. e6 c4 36. exf7 c3 37. bxc3 dxc3 38. Rh7 b5 39. f8Q# 1-0